00502nas a2200229 4500000000100000008004100001260001300042653001000055653001100065653001100076653001200087653000900099653001600108653001600124100001900140700001400159700001500173245005200188300001100240490000700251022001400258 1967 d c1967 Sep10aAdult10aFemale10aHumans10aleprosy10aMale10aMiddle Aged10aThalidomide1 aJONQUIERES E D1 aMosto S J1 aBRUSCO C M00a[Thalidomide and lepromatous leprosy reaction]. a279-860 v17 a0066-6750